El Paseo Marítimo de Barcelona / Disertación del... Manuel Ayxelá Tarrats...
Descripción Física:
16 p. : il. ; 25 cm
MARC
| LEADER | 00000nam a2200000Ia 4500 | ||
|---|---|---|---|
| 001 | 11578 | ||
| 008 | 160829s1953 xx 000 0 cat d | ||
| 080 | |a FU-13-11 | ||
| 100 | |a Ayxelá Tarrats, Manuel |9 29986 | ||
| 245 | |a El Paseo Marítimo de Barcelona / Disertación del... Manuel Ayxelá Tarrats... | ||
| 260 | |a Barcelona : |b (Imp. de la Casa P. de Caridad), |c 1953 | ||
| 300 | |a 16 p. : |b il. ; |c 25 cm | ||
| 590 | |a Discurs pronunciat al local de l'Associació de la Premsa, dins dels actes celebrats amb motiu del 'II Centenario de la barriada de la Barceloneta' | ||
| 650 | |a Carrers |x Barcelona |9 27221 | ||
| 651 | 0 | |a Passeig Marítim (Barcelona, Catalunya) |9 54324 | |
| 856 | 4 | |u https://media.diba.cat/diba/fitxers/arxiu/fulletons/bib_11578_baixa.pdf |y Accés lliure | |
| 856 | 4 | |u https://media.diba.cat/diba/fitxers/arxiu/fulletons/bib_11578_baixa.pdf |y Accés lliure | |
| 901 | |a Arxiu | ||
| 942 | |n 1 |2 udc | ||
| 952 | |0 0 |1 0 |4 0 |6 FU1311 |7 1 |9 45767 |a Arxiu |b Arxiu |d 2016-12-01 |l 0 |o FU-13-11 |p 11578 |r 2016-12-01 00:00:00 |w 2016-12-01 |y ARXIU | ||
| 999 | |c 49267 |d 49267 | ||
| 900 | |a bib_11578_baixa.pdf | ||